000 00350nam a2200145Ia 4500
008 230524s9999 xx 000 0 und d
020 _a9789350248997
100 _aV.A.Avadhani
245 0 _aInternational Financial Management
250 _a6th ed.
260 _bHimalaya
500 _aQuantity Number: 10
650 _aManagement
942 _cBK
999 _c51324
_d51324